LEADER 01287nam a2200277 u 4500 001 000000083622 003 CaOOAMICUS 005 20070226124006.0 008 050520s1909 be u000 u lat u 035 $a11046218 040 $aPUL(R)$bita 100 1 $aCamerlynck, Achille,$csac.,$dn. 1869.$0(OLS)http://pul/name/25003 245 10$aCommentarius in Epistolas Catholicas :$bopera /$cA. Camerlynck. 250 $aEditio quinta denuo emendata et notabiliter adaucta. 260 $aBrugis :$bCarolus Beyaert,$c1909. 300 $a296 p. ;$c24 cm 500 $aIn testa al front.: Commentarii brugenses in S. Scripturam. 500 $aInclude indici. 504 $aInclude riferimenti bibliografici. 630 04$aBiblia.$pN.T.$pEpistolae catholicae.$0(OLS)http://pul/subject/9854 850 $aPUL 852 $aPUL$W1$xDP1 Fondo Cecchetti$y53$m265 F 20$j106415$nBK-PRI$b $qFondi$B106415$CPULBib$Z2$F106415 $HPUL1237 $81 852 $aPUL$W1$xDP1 Fondo Cecchetti$y53$m265 F 24$j106416$nBK-PRI$b $qFondi$B106416$CPULBib$Z2$F106416 $HPUL1241 $81 941 1 $a1 996 $6245$aCommentarius in Epistolas Catholicas :$bopera$9(OLS)http://pul/title/108964 996 $6260$aBrugis :$bCarolus Beyaert$9(OLS)http://pul/publisher/61009 LEADER 00905nam a2200241 u 4500 001 000000085100 003 CaOOAMICUS 005 20070226124142.0 008 050727s1956 it cf u000 u ita u 035 $a11055557 040 $aPUL(R)$bita 041 0 $aita$aheb 100 1 $aMargulies, S. H.$q(Samuel Hirsch),$d1858-1922.$0(OLS)http://pul/name/55951 245 10$aDiscorsi sacri /$cdott. S.H. Margulies. 260 $aRoma :$bIsrael,$c1956. 300 $a175 p., [1] c. di tav. :$britr. ;$c23 cm 546 $aTesto in italiano ed ebraico. 650 4$aEbraismo.$0(OLS)http://pul/subject/2238 850 $aPUL 852 $aPUL$W1$xDP1 Fondo Cecchetti$y53$m277 A 6$j108171$nBK-PRI$b $qFondi$B108171$CPULBib$Z2$F108171 $HPUL7310 $81 941 1 $a1 996 $6245$aDiscorsi sacri$9(OLS)http://pul/title/110511 996 $6260$aRoma :$bIsrael$9(OLS)http://pul/publisher/77000